000 00695nam a22002177a 4500
005 20150410125210.0
010 _aENG-112401
020 _a9780199458929
_c395.00
020 _a199458928
_c395.00
035 _aEN-95933
037 _bDBAD/PUB
082 _a327.73
100 _aAcharya, Amitav
245 _aThe end of American world order /
_cby Amitav Acharya
260 _aNew Delhi
_bOxford University Press
_c2015
270 _aYMCA Library Building, 1 Jai Singh Road,
_bNew Delhi
_e110001
300 _ax,157p.
_c22cm(Hb)
500 _aIncludes bibliographical references and index.
650 _aInternational cooperation.
942 _2ddc
_cEN
_mACH
_h327.73
999 _c92288
_d92288